[Event "COL-ch Visually limited (Women) 3rd"]
[White "Yepes Bermudez, Maribel"]
[Black "Jossa, Zoila Constanza"]
[Site "Colombia"]
[Round "3.4"]
[Result "1-0"]
[Date "2012.11.26"]
[WhiteElo "1550"]
[BlackElo "1625"]
[PlyCount "83"]
[EventDate "2012.11.25"]
[EventType "swiss"]
[EventRounds "7"]
[EventCountry "COL"]
[SourceTitle "EXT 2024"]
[Source "ChessBase"]
[SourceDate "2023.10.10"]
[SourceVersion "1"]
[SourceVersionDate "2023.10.10"]
[SourceQuality "1"]

1. e4 e5 2. d4 Bd6 3. dxe5 Bxe5 4. f4 Bf6 5. Nf3 d6 6. h3 Nc6 7. Be3 Nh6 8. Nc3 Bxc3+ 9. bxc3 Qf6 10. Qd2 Be6 11. Ng5 Rd8 12. Bd3 d5 13. e5 Nxe5 14. fxe5 Qxe5 15. 0-0 d4 16. cxd4 Qg3 17. Qf2 Qxf2+ 18. Rxf2 b6 19. a3 c5 20. dxc5 bxc5 21. Bxc5 Rd5 22. Be3 Ke7 23. Rb1 f6 24. Nxh7 Ng8 25. Rb7+ Bd7 26. Rxa7 Kd6 27. Bf4+ Kc6 28. Be4 Ne7 29. c4 Kb6 30. Be3+ Rc5 31. Bxc5+ Kxc5 32. Rxd7 f5 33. Rxe7 Rxh7 34. Bxf5 Rh5 35. a4 Kd6 36. Rxg7 Ke5 37. a5 Rh8 38. a6 Ra8 39. a7 Kd4 40. Rc2 Kc5 41. h4 Kb6 42. c5+ 1-0